|
|
|
|
| LEADER |
00000naa2a2200000 4500 |
| 001 |
235837 |
| 005 |
20240111154658.0 |
| 035 |
|
|
|a (RuTPU)RU\TPU\book\256979
|
| 035 |
|
|
|a RU\TPU\book\247747
|
| 090 |
|
|
|a 235837
|
| 100 |
|
|
|a 20130417d1999 k y0engy50 ba
|
| 101 |
0 |
|
|a eng
|
| 102 |
|
|
|a RU
|
| 200 |
1 |
|
|a Informative medical system for complex evaluations of the TPU students health state
|f O. G. Berestneva [et al.]
|
| 463 |
|
1 |
|0 (RuTPU)RU\TPU\book\7822
|t Korus`98. Abstracts
|o The Second Russian-Korean International Symposium on Science and Technology, August, 30-September, 5
|f Tomsk Polytechnic University (TPU) ; Novosibirsk State Technical University
|v P. 235
|d 1998
|p 293 p.
|
| 610 |
1 |
|
|a труды учёных ТПУ
|
| 701 |
|
1 |
|a Berestneva
|b O. G.
|c specialist in the field of informatics and computer technology
|c Professor of Tomsk Polytechnic University, Doctor of technical sciences
|f 1953-
|g Olga Grigorievna
|3 (RuTPU)RU\TPU\pers\30927
|9 15165
|
| 701 |
|
1 |
|a Ivanov
|b V. T.
|
| 701 |
|
1 |
|a Ivankina
|b L. I.
|c Doctor of philosophy sciences
|c Professor of Tomsk Polytechnic University
|f 1956-
|g Lyubov Ivanovna
|3 (RuTPU)RU\TPU\pers\30488
|
| 701 |
|
1 |
|a Шаропин
|b К. А.
|c специалист в области информатики и вычислительной техники
|c доцент Томского политехнического университета, кандидат технических наук
|f 1972-
|g Константин Александрович
|3 (RuTPU)RU\TPU\pers\27093
|
| 801 |
|
1 |
|a RU
|b 63413507
|c 20091014
|
| 801 |
|
2 |
|a RU
|b 63413507
|c 20160129
|g RCR
|
| 942 |
|
|
|c BK
|